000 00992nam a2200253 i 4500
001 146099
003 ES-MaACL
005 20250730063132.0
007 t|
008 070731s1968 sp ||||1| spa d
080 _a86-7"17"
100 1 _aTorres Villarroel, Diego de,
_d1693-1770
_9111026
245 1 0 _aBarca de Aqueronte ;
_bCorreo del otro mundo ; Sacudimiento de mentecatos ; Último sacudimiento de botarates y tontos ; Historia de historias ; Soplo a la justicia /
_cDiego de Torres y Villarroel ; nota preliminar, Federico Carlos Sainz de Robles.
260 _aMadrid :
_bEspasa-Calpe,
_c1968.
300 _a253 ;
_c20 cm.
700 1 _aSainz de Robles, Federico Carlos,
_d1898-1982
_9101593
740 0 2 _aCorreo del otro mundo.
740 0 2 _aSacudimientos de mentecatos.
740 0 2 _aÚltimo sacudimiento de botarates y tontos.
740 0 2 _aHistoria de historias.
740 0 2 _aSoplo a la justicia.
852 _aES-MaACL
_jC-35060
999 _c146099
_d146099